Paroles Place des Grands Hommes - Statistiques

Statistiques générales
  • Ce quiz a été pris 343 fois
    319 depuis la dernière actualisation
  • Le résultat moyen est 320 sur 424
Statistiques - réponses
Paroles % Correct
a
99%
On
99%
on
99%
se
99%
ans
98%
dans
98%
de
98%
grands
98%
hommes
98%
jour
98%
me
98%
même
98%
meme
98%
place
98%
rendez-vous
98%
10
97%
dit
97%
heure
97%
au
96%
des
96%
et
96%
la
96%
s'était
96%
le
95%
aura
94%
quand
93%
sur
93%
1
92%
30
91%
les
91%
verra
91%
est
90%
0
89%
3
89%
pas
88%
moi
87%
si
87%
je
86%
marches
85%
ce
83%
venu
83%
2
81%
aussi
81%
toi
81%
pommes
78%
ces
77%
etre
77%
rien
76%
par
75%
premier
75%
mais
74%
c'est
73%
que
73%
qui
73%
tu
73%
4
72%
dire
70%
j'ai
70%
fais
69%
plus
69%
quartier
69%
y
69%
avait
67%
en
67%
droite
66%
j'veux
66%
l'eau
65%
toujours
65%
un
65%
pour
63%
crepuscule
62%
printemps
61%
reussi
61%
t'as
61%
vent
61%
vie
61%
années
60%
detours
60%
dos
60%
fait
60%
gamins
60%
qu'est-ce
60%
t'es
60%
belle
59%
vous
59%
comme
58%
fou
58%
medecin
56%
peu
56%
qu'un
56%
rue
56%
ses
56%
tranquille
56%
nagé
55%
combien
54%
d'un
54%
gauche
54%
mariee
54%
temps
54%
attendez-moi
53%
qu'il
53%
changé
52%
deviens
52%
elle
52%
rappelle
52%
seront
52%
Séverine
52%
ton
52%
une
52%
pari
50%
suivrai
50%
copains
49%
vitrine
49%
main
48%
regardera-t-elle
48%
surface
48%
tout
48%
soir
47%
subconscient
47%
as-tu
46%
explorer
46%
part
46%
regards
46%
trompé
46%
dernière
45%
flotté
45%
heureux
45%
s'est
45%
voulait
45%
derriere
44%
eu
44%
ligne
44%
ne
44%
Pascale
44%
peur
44%
peut
44%
soufflot
44%
table
44%
j'me
43%
serais
43%
t'marres
43%
traverser
43%
trottoirs
43%
allais
42%
envie
42%
souvent
42%
usés
42%
vois
42%
d'elle
41%
j'y
41%
l'miroir
41%
mettre
41%
reflet
41%
basses
40%
connu
40%
d'antiquités
40%
d'être
40%
devant
40%
hautes
40%
l'amitié
40%
lycéenne
40%
marées
40%
remonte-t-il
40%
Scrabble
40%
simplement
40%
tempetes
40%
bourrasques
39%
d'une
39%
baissés
38%
lettres
38%
retrouvailles
38%
Gégé
37%
j'avais
37%
étale
36%
formidable
36%
Eric
35%
nouvelle
35%
s'serre
35%
ambitionnait
34%
j'imagine
34%
s'donnait
33%
chaque
32%
amour
31%
Marco
30%
Marion
29%
rencontré
29%
François
27%
Bruno
25%
Laurence
25%
morte
25%
ben
24%
tiens
22%
d'venus
21%
Évelyne
15%
Aucun quiz correspondant
Distribution des résultats
% des personnes avec chaque résultat
Percentile par nombre de réponses
Votre historique - résultats
Vous n’avez pas pris ce quiz depuis la dernière actualisation